000 01187nam a22003497a 4500
003 CHAP
005 20220329141744.0
008 971013s1946 r 00010 d
010 _a73380
011 _a74352
035 _a83911
040 _cCHAP
090 _aTesis
100 0 0 _aGarcía Ruiz, Federico.
_946564
245 _aTecnología de la industria de conservación de frutas y legumbres
260 _aMéxico, D.F. :
_bEl autor,
_c1946
300 _a214 h.
_b: ilus.
502 _aTesis (Ing. Agr. Esp. en Indusstrias Agrícolas) -- Departamento de Industrias Agrícolas
590 _aALEPH
_b10
_c20130110
_lUCH01
_h1416
590 _aBATCH-UPD
_b10
_c20130110
_lUCH01
_h0702
590 _aBATCH-UPD
_b10
_c20130410
_lUCH01
_h0348
590 _aBATCH-UPD
_b10
_c20130914
_lUCH01
_h1449
590 _aCONVERSION
_b10
_c20130109
_lUCH01
_h1340
650 1 4 _aFruta
_xPreservación.
_943652
650 1 4 _aLegumbres
_xPreservación.
_965774
901 _aBK
942 _cFOLL
949 _bBC
_cTES
_d-38899
_eTS1
_i83911
_si
949 _bBC
_cTES
_d-38902
_eTS2
_fc.3
_i83911
_si
949 _bBC
_cTES
_d-38903
_eTS2
_fc.4
_i83911
_si
949 _bBC
_cTES
_d33724000907689
_eTS2
_fc.2
_i83911
_si
999 _c73380
_d73380